| 000 | 00763nam a2200217Ia 4500 | ||
|---|---|---|---|
| 003 | GCL | ||
| 008 | 140319s9999 xx 000 0 ara d | ||
| 040 |
_aGCL / _cGCL |
||
| 082 | 0 | 4 |
_a810.95 _bج م |
| 100 | 1 | _aالحصرى , ابواسحاق ابراهيم بن ع | |
| 245 | 1 | 0 |
_aالمصون فى سر الهوى المكنون / _cالحصرى , ابواسحاق ابراهيم بن ع |
| 700 | 1 | _aالنبوى عبدالواحد شعلان | |
| 260 |
_a[S.N] : _bدار العربى للنشر والتوزيع ، _c1989 |
||
| 300 | _a248 ص | ||
| 490 | _a | ||
| 650 | 0 | 4 | _aالادب العربى |
| 650 | 0 | 4 | _aدواوين وقصائد |
| 650 | 0 | 4 | _aالدولة العباسية الثانية |
| 650 | 0 | 4 | _aتاريخ ونقد |
| 942 |
_2ddc _cBK |
||
| 999 |
_c35360 _d35360 |
||